000 00644cam a2200205ua 4500
001 11541
008 191009n ii |||gr||||Z||||||eng
020 _a97893244067336
040 _cMAIN
082 _a398.0954162
100 _aSudarshana Baruah .,
_eAuthor.
245 _aOjapali :
_bthe ancient music tradition of assam, it`s application in vaishnav sattra and classical elements /
_cBy Sudarshana Baruah .
250 _a1st ed.
260 _aGuwahati:
_bChandra publisher,
_c2017.
300 _a150p.
653 _aFolklore
653 _aAncient music tradition of Assam
653 _aAncient music tradition of Assam
942 _cBK
999 _c10361
_d10361